[Event "SR 1. liga zapad 2011/2012"]
[Site "?"]
[Date "2011.10.16"]
[Round "2.4"]
[White "Cibulka, Vladimir"]
[Black "Federic, Jozef"]
[Result "1/2-1/2"]
[WhiteElo "2278"]
[BlackElo "2270"]
[PlyCount "138"]
[EventDate "2011.??.??"]

1. e4 c5 2. c3 Nf6 3. e5 Nd5 4. d4 cxd4 5. Qxd4 e6 6. Nf3 Nc6 7. Qe4 f5 8. exf6
Nxf6 9. Qh4 Qa5 10. Bd3 Qh5 11. Qxh5+ Nxh5 12. Be3 Be7 13. Nbd2 O-O 14. Nb3 Nf4
15. Bf1 e5 16. O-O-O d6 17. Ne1 Be6 18. g3 Nh5 19. Bg2 Nf6 20. h3 a5 21. Kb1 a4
22. Nc1 a3 23. b3 Bf5+ 24. Ka1 Ne4 25. Ne2 Bg6 26. f3 Nf6 27. g4 b5 28. f4 Rac8
29. f5 Bf7 30. Nc2 d5 31. g5 Ne4 32. Bxe4 dxe4 33. Ng3 Rfd8 34. Kb1 Bf8 35.
Rhg1 Ne7 36. Rxd8 Rxd8 37. Nb4 Rc8 38. Rc1 Nd5 39. Nxd5 Bxd5 40. Kc2 Bb4 41.
Kd2 Ba5 42. Ne2 Kf7 43. Rf1 b4 44. Kc2 bxc3 45. Rd1 Bc6 46. Ng3 Bb4 47. h4 Ke8
48. h5 Rc7 49. g6 hxg6 50. fxg6 Rd7 51. Rxd7 Bxd7 52. h6 gxh6 53. Bxh6 Ke7 54.
Bg5+ Kf8 55. Bf6 e3 56. Bxe5 Be8 57. g7+ Kg8 58. Ne2 Bg6+ 59. Kc1 c2 60. Bc3
Bxc3 61. Nxc3 Kxg7 62. b4 Kf8 63. b5 Ke8 64. b6 Kd8 65. b7 Kc7 66. Nd5+ Kxb7
67. Nxe3 Bf7 68. Nxc2 Bxa2 69. Nxa3 Bb3 1/2-1/2

[Event "SR 1. liga zapad 2011/2012"]
[Site "?"]
[Date "2011.10.16"]
[Round "2.4"]
[White "Fabian, Jaroslav"]
[Black "Bednar, Jan"]
[Result "1/2-1/2"]
[WhiteElo "2192"]
[BlackElo "2128"]
[PlyCount "140"]
[EventDate "2011.??.??"]

1. c4 e5 2. Nc3 Nf6 3. Nf3 Nc6 4. g3 d5 5. cxd5 Nxd5 6. d3 Be7 7. Bg2 O-O 8.
O-O Nb6 9. a3 Be6 10. b4 f6 11. Bb2 Qd7 12. Re1 Rad8 13. Rc1 a5 14. bxa5 Nxa5
15. Nd2 c5 16. Rb1 c4 17. Bc1 Nd5 18. Bxd5 Bxd5 19. Rb5 Bc6 20. Rxa5 b6 21. Ra4
Bxa4 22. Qxa4 Qxa4 23. Nxa4 b5 24. Nc3 b4 25. axb4 cxd3 26. b5 dxe2 27. Rxe2
Rd3 28. Bb2 Rc8 29. Ndb1 Bb4 30. Re3 Rd7 31. Kf1 Kf7 32. Ke2 Bc5 33. Rf3 Bd4
34. Rd3 Ke6 35. Rd2 Rdc7 36. Na4 Rc4 37. Bxd4 Rxa4 38. Bc3 Rac4 39. Kd3 e4+ 40.
Kc2 R4c5 41. Rd4 Rxb5 42. Rxe4+ Kf7 43. Re3 Rh5 44. h4 Rf5 45. Re2 Rfc5 46. Re3
Rf5 47. f3 Rd5 48. Nd2 h6 49. g4 h5 50. Ne4 hxg4 51. fxg4 Re8 52. Bd2 Kg6 53.
Ng3 Rxe3 54. Bxe3 Kf7 55. Kc3 Rd7 56. Bd4 Rb7 57. Nf5 Kg6 58. Kd3 Rb3+ 59. Ke4
Rh3 60. Kf4 Kh7 61. Bf2 Rb3 62. h5 Rb4+ 63. Bd4 Rb7 64. Ke4 Rd7 65. Nh4 Kg8 66.
h6 gxh6 67. Bxf6 Kh7 68. Be5 Rf7 69. Bf4 Re7+ 70. Kf3 Rf7 1/2-1/2

[Event "SR 1. liga zapad 2011/2012"]
[Site "?"]
[Date "2011.10.16"]
[Round "2.4"]
[White "Helbich, Branislav"]
[Black "Zahorsky, Robert"]
[Result "1-0"]
[WhiteElo "2036"]
[BlackElo "1996"]
[PlyCount "113"]
[EventDate "2011.??.??"]

1. e4 c6 2. d4 d5 3. e5 Bf5 4. g4 Bg6 5. h4 h5 6. g5 e6 7. Nh3 Bf5 8. Nf4 g6 9.
c3 Nd7 10. a4 a5 11. Na3 Qb6 12. Be2 Bxa3 13. Rxa3 Ne7 14. O-O Rb8 15. b4 Qc7
16. Be3 b6 17. Qd2 Be4 18. f3 Bf5 19. Rb3 O-O 20. Nd3 Bxd3 21. Bxd3 c5 22. bxc5
bxc5 23. Rb5 c4 24. Bc2 Rxb5 25. axb5 Rb8 26. Rb1 Kg7 27. Kg2 Nb6 28. Qc1 Ra8
29. Qa3 Qb7 30. Bc1 a4 31. Qb4 Qa7 32. Ba3 Nf5 33. Bxf5 gxf5 34. Qb2 Qd7 35.
Bc5 Qb7 36. Kh3 Nd7 37. Bd6 Qb6 38. Ba3 Nf8 39. Bc5 Qb7 40. Qb4 Ng6 41. Kg3 f4+
42. Kh3 a3 43. Ra1 a2 44. b6 Nxe5 45. dxe5 d4 46. Kg2 d3 47. Qxc4 d2 48. Qd3
Qd5 49. Bd4 Qb3 50. Qxd2 Qb1 51. c4 Ra3 52. Qd1 Rb3 53. c5 Qxd1 54. Rxd1 Rb1
55. Rd2 a1=Q 56. Bxa1 Rxa1 57. Rb2 1-0

[Event "SR 1. liga zapad 2011/2012"]
[Site "?"]
[Date "2011.10.16"]
[Round "2.4"]
[White "Machalova, Erika"]
[Black "Berek, Geza"]
[Result "1/2-1/2"]
[WhiteElo "2102"]
[BlackElo "2186"]
[PlyCount "58"]
[EventDate "2011.??.??"]

1. d4 g6 2. c4 Bg7 3. e4 d6 4. Nc3 Nf6 5. f3 O-O 6. Be3 Nc6 7. Qd2 a6 8. O-O-O
Rb8 9. Bh6 e5 10. d5 Bxh6 11. Qxh6 Nd4 12. h4 Kh8 13. Nge2 c5 14. dxc6 Nxc6 15.
c5 Be6 16. cxd6 Qa5 17. Kb1 b5 18. Nc1 b4 19. Nd5 Bxd5 20. exd5 Nd4 21. Qg5 Nd7
22. h5 Qd8 23. Qxd8 Rfxd8 24. hxg6 fxg6 25. Bxa6 Rb6 26. Bc4 Rxd6 27. f4 Nf5
28. fxe5 Nxe5 29. Bb3 Ne3 1/2-1/2

[Event "SR 1. liga zapad 2011/2012"]
[Site "?"]
[Date "2011.10.16"]
[Round "2.4"]
[White "Novotny, Michal"]
[Black "Homzova, Fedora Klara"]
[Result "1-0"]
[WhiteElo "1964"]
[BlackElo "1240"]
[PlyCount "61"]
[EventDate "2011.??.??"]

1. e4 e5 2. Nf3 Nc6 3. Bc4 Bc5 4. c3 Nf6 5. d4 exd4 6. cxd4 Bb4+ 7. Nc3 Nxe4 8.
O-O Bxc3 9. bxc3 Nxc3 10. Qe1+ Qe7 11. Qxc3 O-O 12. d5 Nb4 13. Ba3 c5 14. dxc6
a5 15. Rfe1 Qd6 16. cxd7 Bxd7 17. Rad1 Qc6 18. Bb2 Qg6 19. Ne5 Qf6 20. Nxd7
Qxc3 21. Bxc3 Rfc8 22. Nb6 Nc2 23. Re7 Rd8 24. Rxd8+ Rxd8 25. Nd7 h5 26. Rxf7
Rc8 27. Rxg7+ Kh8 28. Rg8+ Kh7 29. Nf6+ Kh6 30. Bd2+ Ne3 31. Bxe3# 1-0

[Event "SR 1. liga zapad 2011/2012"]
[Site "?"]
[Date "2011.10.16"]
[Round "2.4"]
[White "Rohacek, Miroslav"]
[Black "Kalisky, Vladimir"]
[Result "0-1"]
[WhiteElo "2297"]
[BlackElo "2234"]
[PlyCount "120"]
[EventDate "2011.??.??"]

1. e4 e5 2. Nf3 Nc6 3. Bb5 a6 4. Ba4 Nf6 5. d4 exd4 6. O-O Be7 7. Re1 b5 8. Bb3
d6 9. Bd5 Nxd5 10. exd5 Ne5 11. Nxd4 O-O 12. f4 Ng6 13. Nc3 Re8 14. a4 bxa4 15.
Rxa4 Bh4 16. g3 Bf6 17. Ne4 Bxd4+ 18. Rxd4 Bh3 19. Bd2 Qd7 20. Qf3 Bg4 21. Qc3
Re7 22. Re3 Rae8 23. Nf2 Bf5 24. Rc4 h5 25. Rxe7 Rxe7 26. Qf3 Bg4 27. Nxg4 hxg4
28. Qd3 Qb5 29. b3 Nf8 30. Kf2 Nd7 31. Bc3 Nb6 32. Rd4 Qe8 33. Bd2 Nd7 34. b4
Nf6 35. Be3 Qa4 36. Kg2 Re8 37. Kf2 Qa1 38. Kg2 Qe1 39. Bf2 Qe2 40. c3 Qa2 41.
Qd2 Qb1 42. Qd1 Qb2 43. Qd2 Re2 44. Qxb2 Rxb2 45. Kg1 Kf8 46. Rd1 Ne4 47. Bd4
Nd2 48. Kf2 f5 49. Ke3 Ne4 50. Rh1 Kf7 51. Ra1 Rxh2 52. Rxa6 Nxg3 53. Ra7 Re2+
54. Kd3 Re7 55. b5 Ne2 56. Bf2 Nxf4+ 57. Kc4 Nh3 58. Bd4 f4 59. Bxg7 f3 60. Bd4
f2 0-1

[Event "SR 1. liga zapad 2011/2012"]
[Site "?"]
[Date "2011.10.16"]
[Round "2.5"]
[White "Bezuch, Martin"]
[Black "Obona, Jan"]
[Result "1/2-1/2"]
[WhiteElo "2210"]
[BlackElo "2151"]
[PlyCount "52"]
[EventDate "2011.??.??"]

1. e4 c5 2. d3 Nc6 3. g3 g6 4. Bg2 Bg7 5. f4 d6 6. Nf3 Nf6 7. O-O O-O 8. c3 Bg4
9. h3 Bxf3 10. Qxf3 Rc8 11. Nd2 b5 12. Re1 Qc7 13. g4 b4 14. Nc4 Nd7 15. Bd2
Nb6 16. g5 Rfd8 17. Ne3 a5 18. h4 a4 19. Rac1 Qa7 20. Bh3 Rc7 21. Nd5 Rb7 22.
a3 bxa3 23. bxa3 Nxd5 24. exd5 Na5 25. Rc2 Nb3 26. Bc1 Nxc1 1/2-1/2

[Event "SR 1. liga zapad 2011/2012"]
[Site "?"]
[Date "2011.10.16"]
[Round "2.5"]
[White "Briestensky, Rastislav"]
[Black "Jakubek, Peter"]
[Result "1-0"]
[WhiteElo "2300"]
[BlackElo "2144"]
[PlyCount "89"]
[EventDate "2011.??.??"]

1. e4 d5 2. exd5 Qxd5 3. Nc3 Qa5 4. Bc4 Nf6 5. Qe2 Nc6 6. Nf3 a6 7. h3 Qh5 8.
d4 Bg4 9. Be3 e6 10. a3 Bd6 11. O-O-O Bxf3 12. gxf3 O-O-O 13. Ne4 Nxe4 14. fxe4
Qxe2 15. Bxe2 e5 16. d5 Nb8 17. c4 c5 18. Kc2 Nd7 19. Rb1 Kc7 20. b4 b6 21.
Rhg1 g6 22. Bg4 Rb8 23. Bxd7 Kxd7 24. bxc5 Bxc5 25. Bxc5 bxc5 26. Kd3 Kc7 27.
Ke3 Rxb1 28. Rxb1 f5 29. h4 Rg8 30. h5 f4+ 31. Kf3 gxh5 32. a4 Rg6 33. a5 Rg5
34. d6+ Kxd6 35. Rb6+ Kc7 36. Rxa6 Rg6 37. Ra7+ Kb8 38. Rxh7 Rd6 39. Rxh5 Rd3+
40. Kg4 Rd2 41. f3 Rd4 42. Rxe5 Rxc4 43. Kxf4 Rc1 44. Ke3 Kb7 45. Kd2 1-0

[Event "SR 1. liga zapad 2011/2012"]
[Site "?"]
[Date "2011.10.16"]
[Round "2.5"]
[White "Chovanec, Milan"]
[Black "Kolcak, Marek"]
[Result "1/2-1/2"]
[WhiteElo "2137"]
[BlackElo "2145"]
[PlyCount "81"]
[EventDate "2011.??.??"]

1. e4 e6 2. Nc3 d5 3. Nf3 Nf6 4. e5 Nfd7 5. d4 c5 6. dxc5 Nc6 7. Bf4 Nxc5 8.
Be2 Be7 9. O-O O-O 10. Re1 b6 11. a3 a5 12. Nb5 Ba6 13. Nbd4 Nxd4 14. Nxd4 Bxe2
15. Qxe2 Bg5 16. Qg4 Bxf4 17. Qxf4 Rc8 18. Re3 Ne4 19. Rd1 Qd7 20. Qg4 Rfe8 21.
c3 Rc7 22. Rde1 b5 23. Rh3 f5 24. exf6 Nxf6 25. Qf4 b4 26. axb4 axb4 27. Rhe3
bxc3 28. bxc3 Ne4 29. Qe5 Qf7 30. f3 Nxc3 31. Nxe6 Rc6 32. Qg3 h6 33. Nxg7 Rxe3
34. Nf5+ Kh7 35. Nxe3 Re6 36. Ng4 Ne2+ 37. Rxe2 Rxe2 38. h4 Rc2 39. Qe5 Rc6 40.
Ne3 Qe6 41. Qxe6 1/2-1/2

[Event "SR 1. liga zapad 2011/2012"]
[Site "?"]
[Date "2011.10.16"]
[Round "2.5"]
[White "Hecko, Dusan"]
[Black "Lakatos, Vladimir"]
[Result "1/2-1/2"]
[WhiteElo "2123"]
[BlackElo "2176"]
[Annotator "Hecko"]
[PlyCount "32"]
[EventDate "2011.??.??"]

{A54: Old Indian Defence with Nf3, but without e4} 1. c4 e5 2. Nc3 Nf6 3. Nf3
d6 4. d4 exd4 5. Nxd4 c5 ({kniz. Fritz} 5... Be7 6. g3 Nc6 7. Bg2) 6. Nf3 Bf5
7. Bg5 (7. e4 $5 Be6 8. Qb3 $16) 7... Be7 $11 8. e3 Nc6 9. Bd3 Be6 10. O-O h6
11. Bh4 g5 12. Bg3 Nh5 13. Nd2 Nxg3 14. hxg3 Ne5 15. Be4 $14 Qd7 16. Bd5 h5 $11
1/2-1/2

[Event "SR 1. liga zapad 2011/2012"]
[Site "?"]
[Date "2011.10.16"]
[Round "2.5"]
[White "Kvassay, Peter"]
[Black "Bednar, Miroslav"]
[Result "0-1"]
[WhiteElo "2080"]
[BlackElo "2098"]
[PlyCount "84"]
[EventDate "2011.??.??"]

1. d4 g6 2. e4 Bg7 3. Nc3 d6 4. Be3 Nd7 5. Bc4 e5 6. Nf3 Ngf6 7. dxe5 dxe5 8.
Qd2 Qe7 9. Rd1 c6 10. a4 O-O 11. O-O Nc5 12. Ng5 h6 13. Nxf7 Rxf7 14. Qd8+ Bf8
15. Bxf7+ Kxf7 16. f4 Ne6 17. Qxe7+ Kxe7 18. f5 gxf5 19. exf5 Ng4 20. fxe6 Nxe3
21. Rf7+ Ke8 22. Rd3 Ng4 23. Ne4 Bxe6 24. Rxb7 Bd5 25. Rg3 Bxe4 26. Rxg4 Bd5
27. c4 Be6 28. Re4 Bc5+ 29. Kf1 Bd4 30. Rh7 Bxc4+ 31. Ke1 Rd8 32. Rxh6 Kd7 33.
g4 Rf8 34. g5 Bd3 35. Rh7+ Kd6 36. Rxd4+ exd4 37. Rxa7 Rh8 38. Kd2 Be4 39. b4
Rxh2+ 40. Kd1 d3 41. Rf7 Bd5 42. Rf1 Bb3+ 0-1

[Event "SR 1. liga zapad 2011/2012"]
[Site "?"]
[Date "2011.10.16"]
[Round "2.5"]
[White "Pecha, Tomas"]
[Black "Certek, Pavel"]
[Result "1-0"]
[WhiteElo "2239"]
[BlackElo "2322"]
[PlyCount "67"]
[EventDate "2011.??.??"]

1. e4 c5 2. Nf3 Nc6 3. d4 cxd4 4. Nxd4 g6 5. Nc3 Bg7 6. Be3 Nf6 7. Bc4 Qa5 8.
O-O O-O 9. Bb3 d6 10. h3 Bd7 11. Re1 Nxd4 12. Bxd4 Bc6 13. Nd5 Bxd5 14. exd5
Rfe8 15. c3 a6 16. Qf3 Nd7 17. Bxg7 Kxg7 18. Re3 Nf6 19. Rae1 Qc7 20. g4 b5 21.
g5 Nh5 22. Qe4 Kg8 23. Bd1 Ng7 24. Bg4 f5 25. gxf6 exf6 26. Be6+ Kh8 27. Qf4
Qd8 28. Qh6 Ra7 29. Kh2 f5 30. Qf4 Nh5 31. Qd4+ Rg7 32. Bf7 Rxe3 33. Rxe3 Nf6
34. Qxf6 1-0

[Event "SR 1. liga zapad 2011/2012"]
[Site "?"]
[Date "2011.10.16"]
[Round "2.5"]
[White "Skrabakova, Katarina"]
[Black "Ruckschloss, Karol"]
[Result "1/2-1/2"]
[WhiteElo "2047"]
[BlackElo "2290"]
[PlyCount "30"]
[EventDate "2011.??.??"]

1. e4 e6 2. d4 d5 3. exd5 exd5 4. Bd3 Nf6 5. Bg5 Be7 6. Nc3 c6 7. Nge2 Nbd7 8.
Qd2 b5 9. Ng3 Nb6 10. O-O-O Nc4 11. Qf4 Nh5 12. Bxe7 Nxf4 13. Bxd8 Kxd8 14.
Bxc4 bxc4 15. Nge2 Ne6 1/2-1/2

[Event "SR 1. liga zapad 2011/2012"]
[Site "?"]
[Date "2011.10.16"]
[Round "2.5"]
[White "Sulek, Viliam"]
[Black "Gombar, Peter"]
[Result "1/2-1/2"]
[WhiteElo "2135"]
[BlackElo "2033"]
[PlyCount "73"]
[EventDate "2011.??.??"]

1. e4 e5 2. Nf3 Nc6 3. Bb5 a6 4. Ba4 Nf6 5. O-O Be7 6. Re1 b5 7. Bb3 d6 8. c3
O-O 9. h3 Na5 10. Bc2 c5 11. d4 Qc7 12. Nbd2 cxd4 13. cxd4 Nc6 14. d5 Nb4 15.
Bb1 a5 16. a3 Na6 17. Nf1 Bd7 18. Bg5 Rfe8 19. Bd3 Nc5 20. Rc1 Qb7 21. Bb1 Rec8
22. N3d2 Na4 23. Bxf6 Bxf6 24. Qb3 Rxc1 25. Rxc1 Rc8 26. Re1 Qc7 27. Ne3 Bg5
28. Ndf1 g6 29. Kh2 Qb6 30. Rd1 Qb8 31. g3 Rc7 32. h4 Bh6 33. Bd3 Nc5 34. Qa2
Nxd3 35. Rxd3 Rc1 36. Rc3 Rxc3 37. bxc3 1/2-1/2

[Event "SR 1. liga zapad 2011/2012"]
[Site "?"]
[Date "2011.10.16"]
[Round "2.5"]
[White "Zetocha, Claudiu"]
[Black "Motuz, Karol"]
[Result "1/2-1/2"]
[WhiteElo "2355"]
[BlackElo "2346"]
[PlyCount "46"]
[EventDate "2011.??.??"]

1. e4 e6 2. d4 d5 3. Nc3 Nf6 4. e5 Nfd7 5. f4 c5 6. Nf3 Nc6 7. Be3 Qb6 8. Qd2
Qxb2 9. Rb1 Qa3 10. Be2 a6 11. O-O cxd4 12. Nxd4 Nxd4 13. Bxd4 Bc5 14. Bxc5
Qxc5+ 15. Kh1 O-O 16. Bf3 Nb6 17. Rb3 Nc4 18. Qe1 b5 19. f5 Qd4 20. f6 Nxe5 21.
Ne2 Qa4 22. Ng3 Nd7 23. fxg7 Kxg7 1/2-1/2

[Event "SR 1. liga zapad 2011/2012"]
[Site "?"]
[Date "2011.10.16"]
[Round "2.6"]
[White "Bombek, Peter"]
[Black "Castiglione, Mario"]
[Result "1/2-1/2"]
[WhiteElo "2179"]
[BlackElo "2282"]
[PlyCount "113"]
[EventDate "2011.??.??"]

1. Nf3 Nf6 2. d4 d6 3. g3 Nbd7 4. Nc3 d5 5. Bg2 e6 6. O-O c5 7. Bf4 a6 8. Ne5
cxd4 9. Qxd4 Bc5 10. Qd2 O-O 11. e4 d4 12. Ne2 Nh5 13. Nxd7 Bxd7 14. Be5 Bb5
15. Rfd1 Bxe2 16. Qxe2 f6 17. Bxd4 Bxd4 18. c3 Bxf2+ 19. Qxf2 Qa5 20. Rd7 Qe5
21. Bf3 Qg5 22. Rad1 Nf4 23. Qd2 Qc5+ 24. Qd4 Qxd4+ 25. cxd4 Nh3+ 26. Kg2 Ng5
27. Rxb7 Rac8 28. Rd2 e5 29. h4 Nf7 30. Rb6 exd4 31. Bg4 Rb8 32. Rxa6 Ne5 33.
Be6+ Kh8 34. Rd6 d3 35. b3 Rb4 36. Bc4 Nxc4 37. bxc4 Rxc4 38. Kf3 Re8 39. R2xd3
Rcxe4 40. Rd8 g5 41. hxg5 fxg5 42. Rxe8+ Rxe8 43. Kg4 Ra8 44. a3 h6 45. Kh5 Ra6
46. Rc3 Kg7 47. g4 Kg8 48. Rc7 Kf8 49. Rh7 Rxa3 50. Rxh6 Kg7 51. Rb6 Ra7 52.
Rb5 Kh7 53. Kxg5 Kg7 54. Re5 Rb7 55. Ra5 Rc7 56. Kf5 Rb7 57. Kf4 1/2-1/2

[Event "SR 1. liga zapad 2011/2012"]
[Site "?"]
[Date "2011.10.16"]
[Round "2.6"]
[White "Borik, Juraj"]
[Black "Peitl, Tomas"]
[Result "0-1"]
[WhiteElo "2198"]
[BlackElo "2214"]
[PlyCount "69"]
[EventDate "2011.??.??"]

1. e4 e6 2. d4 d5 3. Nd2 c5 4. exd5 Qxd5 5. Ngf3 cxd4 6. Bc4 Qd6 7. O-O Nf6 8.
Nb3 Qc7 9. Qxd4 Nc6 10. Bb5 Bd7 11. Qc4 a6 12. Bxc6 Qxc6 13. Qh4 Be7 14. Bg5 h6
15. Rfe1 O-O 16. Bxh6 gxh6 17. Ne5 Qa4 18. c4 Kh7 19. Rad1 Be8 20. Rd3 Qb4 21.
Red1 Nd7 22. Qe4+ f5 23. Qe2 Nxe5 24. Qxe5 Qxc4 25. Rd4 Qc6 26. Rc1 Bf6 27. Qe1
Qb6 28. Rb4 Qd6 29. Nc5 Rc8 30. Rxb7+ Rf7 31. Ne4 Rxc1 32. Nxf6+ Kg6 33. Qxc1
Rxb7 34. Nxe8 Qd7 35. g4 0-1

[Event "SR 1. liga zapad 2011/2012"]
[Site "?"]
[Date "2011.10.16"]
[Round "2.6"]
[White "Havlicek, Libor"]
[Black "Srvatka, Igor"]
[Result "1-0"]
[WhiteElo "2304"]
[BlackElo "2226"]
[PlyCount "135"]
[EventDate "2011.??.??"]

1. d4 d5 2. Nf3 Nf6 3. g3 c6 4. Bg2 Bf5 5. O-O h6 6. c4 e6 7. Nc3 Nbd7 8. b3
Be7 9. Bb2 O-O 10. Nd2 Qc7 11. Rc1 Qa5 12. a3 Qb6 13. b4 a5 14. b5 cxb5 15.
Nxb5 a4 16. e4 Nxe4 17. Nxe4 Bxe4 18. Bxe4 dxe4 19. Qe2 Nf6 20. Bc3 Rfd8 21.
Rb1 Qc6 22. Rfe1 Rdc8 23. Bb4 Bxb4 24. Rxb4 Ra6 25. Qd1 b6 26. Qd2 Rd8 27. Qf4
Rd7 28. Rc1 Qc8 29. Rbb1 Qd8 30. Rb2 Ra8 31. Rcb1 Qc8 32. Rb4 Qd8 33. Qe5 Qe7
34. Rd1 Qd8 35. Rdb1 Qe7 36. Nc3 Rad8 37. Ne2 Ra7 38. Qb5 Ra5 39. Qxb6 Rh5 40.
Qxd8+ Qxd8 41. Rb8 Qxb8 42. Rxb8+ Kh7 43. Nc3 Rf5 44. Nd1 Ra5 45. Rb4 Ra7 46.
Nc3 Kg6 47. Rxa4 Rd7 48. Nb5 Rd8 49. Rb4 Kf5 50. c5 Nd5 51. Nd6+ Kg4 52. Nxf7
Ra8 53. Ne5+ Kh3 54. Rb3 Ra4 55. Ng6 Rxd4 56. Nf4+ Kg4 57. Nxd5 exd5 58. Rc3
Rd1+ 59. Kg2 d4 60. Rc4 Rd2 61. c6 e3 62. c7 Rxf2+ 63. Kg1 Rf8 64. Rxd4+ Kg5
65. Re4 Rc8 66. Rc4 e2 67. Kf2 Re8 68. Ke1 1-0

[Event "SR 1. liga zapad 2011/2012"]
[Site "?"]
[Date "2011.10.16"]
[Round "2.6"]
[White "Kovac, Andrej"]
[Black "Orgon, Dusan"]
[Result "1-0"]
[WhiteElo "2154"]
[BlackElo "2107"]
[PlyCount "97"]
[EventDate "2011.??.??"]

1. d4 d5 2. c4 e6 3. Nc3 f5 4. g3 Nf6 5. Bg2 c6 6. Nf3 Bd6 7. O-O O-O 8. Bf4
Bxf4 9. gxf4 Nbd7 10. Rc1 Qe8 11. Ne5 Ne4 12. e3 Ndf6 13. Na4 dxc4 14. Nc5 b5
15. b3 Nxc5 16. dxc5 Bb7 17. bxc4 Rd8 18. Qc2 a6 19. cxb5 axb5 20. Rb1 Nd5 21.
Rfd1 Ra8 22. Rd4 Ra3 23. Rd3 Qa8 24. Rxa3 Qxa3 25. Nd7 Rf7 26. Ne5 Rf6 27. Nd7
Rg6 28. Kh1 Rh6 29. Bxd5 cxd5 30. c6 Bc8 31. Rxb5 d4 32. Qc5 Qxc5 33. Nxc5 dxe3
34. Rb8 exf2 35. Rxc8+ Kf7 36. Kg2 Rxh2+ 37. Kf1 Rh1+ 38. Kxf2 Rc1 39. Nd7 Rc2+
40. Ke3 Rxa2 41. c7 Rc2 42. Rf8+ Ke7 43. c8=Q Rxc8 44. Rxc8 Kxd7 45. Rg8 g6 46.
Rg7+ Kd6 47. Rxh7 g5 48. fxg5 Ke5 49. Rf7 1-0

[Event "SR 1. liga zapad 2011/2012"]
[Site "?"]
[Date "2011.10.16"]
[Round "2.6"]
[White "Kubala, Jan"]
[Black "Kovacik, Emil"]
[Result "1/2-1/2"]
[WhiteElo "2240"]
[BlackElo "2222"]
[PlyCount "45"]
[EventDate "2011.??.??"]

1. e4 e6 2. d4 d5 3. e5 c5 4. c3 Qb6 5. Nf3 Bd7 6. Be2 Bb5 7. O-O Bxe2 8. Qxe2
Qa6 9. Qd1 Nd7 10. Be3 Rc8 11. Nh4 cxd4 12. cxd4 Ne7 13. Nc3 Ng6 14. Nf3 Bb4
15. Ne2 Be7 16. Ng3 O-O 17. Ng5 Bxg5 18. Bxg5 Qb6 19. b3 Rc3 20. Qg4 f5 21.
exf6 Nxf6 22. Qe2 Rc6 23. Rad1 1/2-1/2

[Event "SR 1. liga zapad 2011/2012"]
[Site "?"]
[Date "2011.10.16"]
[Round "2.6"]
[White "Podoba, Milan"]
[Black "Hacik, Radomir"]
[Result "1/2-1/2"]
[WhiteElo "2157"]
[BlackElo "2158"]
[PlyCount "86"]
[EventDate "2011.??.??"]

1. e4 d6 2. d4 Nf6 3. Nc3 g6 4. f4 Bg7 5. Bd3 e5 6. fxe5 dxe5 7. dxe5 Ng4 8.
Bb5+ c6 9. Qxd8+ Kxd8 10. Be2 Nxe5 11. Bf4 Ke7 12. O-O-O h6 13. Nf3 Nbd7 14. h3
Re8 15. Rd2 Kf8 16. Be3 Kg8 17. Nd1 g5 18. Nf2 Nb6 19. b3 f5 20. Nxe5 Bxe5 21.
Bh5 Rf8 22. c4 Be6 23. Rhd1 fxe4 24. Nxe4 Bf7 25. Bxf7+ Rxf7 26. Nd6 Rh7 27.
Nf5 Re8 28. Rd8 Kf7 29. Rxe8 Kxe8 30. Bxb6 axb6 31. Re1 Kf7 32. g4 Kf6 33. Kc2
h5 34. Re2 hxg4 35. hxg4 Rh1 36. Rg2 Rh3 37. Rf2 Bf4 38. Nd6 Rh4 39. Ne4+ Kg6
40. Rg2 Rh1 41. Kd3 Re1 42. Nc3 Re3+ 43. Kc2 Be5 1/2-1/2

[Event "SR 1. liga zapad 2011/2012"]
[Site "?"]
[Date "2011.10.16"]
[Round "2.6"]
[White "Pupak, Tomas"]
[Black "Breja, Stanislav"]
[Result "1/2-1/2"]
[WhiteElo "1968"]
[BlackElo "2066"]
[PlyCount "34"]
[EventDate "2011.??.??"]

1. Nf3 Nf6 2. g3 d5 3. c4 dxc4 4. Qa4+ c6 5. Qxc4 Bf5 6. Bg2 e6 7. O-O Be7 8.
d3 Nbd7 9. Nc3 O-O 10. b4 e5 11. Qb3 Be6 12. Qb2 Nd5 13. Nxd5 cxd5 14. Rb1 Bf6
15. Qd2 h6 16. a4 a6 17. e3 Rc8 1/2-1/2

[Event "SR 1. liga zapad 2011/2012"]
[Site "?"]
[Date "2011.10.16"]
[Round "2.6"]
[White "Sosovicka, Juraj"]
[Black "Veres, Andrej"]
[Result "1-0"]
[WhiteElo "2198"]
[BlackElo "2174"]
[PlyCount "35"]
[EventDate "2011.??.??"]

1. e4 d5 2. exd5 Qxd5 3. Nc3 Qa5 4. d4 Nf6 5. Bd2 a6 6. Bc4 Qf5 7. Nf3 Nc6 8.
O-O b5 9. Bd3 Qd7 10. Ne5 Nxe5 11. dxe5 Nd5 12. e6 Qxe6 13. Re1 Nxc3 14. Bxc3
Qd7 15. Be4 c6 16. Qf3 Bb7 17. Rad1 Qc7 18. Ba5 1-0

[Event "SR 1. liga zapad 2011/2012"]
[Site "?"]
[Date "2011.11.12"]
[Round "3.1"]
[White "Detko, Jan"]
[Black "Kimerling, Martin"]
[Result "1-0"]
[WhiteElo "2130"]
[BlackElo "2015"]
[PlyCount "37"]
[EventDate "2011.??.??"]

1. e4 d6 2. d4 Nf6 3. Nc3 g6 4. Bg5 c6 5. Qd2 b5 6. Bd3 Nbd7 7. f4 h6 8. Bh4 b4
9. Nce2 e5 10. Nf3 exf4 11. e5 dxe5 12. dxe5 g5 13. exf6 gxh4 14. Nxf4 Qxf6 15.
O-O Bc5+ 16. Kh1 Nf8 17. Rae1+ Be6 18. Ne5 Qg7 19. Nxf7 1-0

[Event "SR 1. liga zapad 2011/2012"]
[Site "?"]
[Date "2011.11.12"]
[Round "3.1"]
[White "Frindt, Kornel"]
[Black "Hanko, Pavol"]
[Result "0-1"]
[WhiteElo "2223"]
[BlackElo "2138"]
[PlyCount "64"]
[EventDate "2011.??.??"]

1. e4 c5 2. Nf3 e6 3. d4 cxd4 4. Nxd4 Nf6 5. Nc3 d6 6. g4 h6 7. h3 Nc6 8. Be3
Bd7 9. Bg2 Nxd4 10. Bxd4 Bc6 11. Qd2 Be7 12. O-O-O Qc7 13. f4 Rd8 14. Qf2 b5
15. g5 hxg5 16. fxg5 Nh5 17. h4 b4 18. Ne2 Rc8 19. b3 a5 20. Rd2 a4 21. Kb1 Qb7
22. Rf1 f5 23. gxf6 Nxf6 24. Bxf6 gxf6 25. Nf4 axb3 26. Nxe6 bxc2+ 27. Rxc2
Bxe4 28. Bxe4 Qxe4 29. Re1 Rxc2 30. Nc7+ Kf7 31. Rxe4 Rxf2 32. Nd5 Re8 0-1

[Event "SR 1. liga zapad 2011/2012"]
[Site "?"]
[Date "2011.11.12"]
[Round "3.1"]
[White "Gunis, Juraj"]
[Black "Hartl, Jan"]
[Result "0-1"]
[WhiteElo "2098"]
[BlackElo "2189"]
[PlyCount "120"]
[EventDate "2011.??.??"]

1. e4 e5 2. Nf3 Nc6 3. Bc4 Nf6 4. d3 Be7 5. O-O O-O 6. Re1 d6 7. h3 Be6 8. Bxe6
fxe6 9. c3 Qd7 10. d4 exd4 11. cxd4 d5 12. e5 Nh5 13. g3 g6 14. Bh6 Rxf3 15.
Qxf3 Nxd4 16. Qd3 c5 17. g4 Ng7 18. f4 Nc6 19. Nc3 c4 20. Qg3 Nb4 21. Re2 Qd8
22. Rf1 Qb6+ 23. Kh1 d4 24. Ne4 d3 25. Rg2 Nd5 26. f5 Qd4 27. Bxg7 Qxe4 28. Bh6
Bf8 29. Bd2 Bc5 30. fxe6 Re8 31. Re1 Qd4 32. Qf3 Rf8 33. Qe4 Rf1+ 34. Kh2 Qxe4
35. Rxe4 b5 36. a3 Kf8 37. h4 Ke7 38. h5 Kxe6 39. hxg6 hxg6 40. Kg3 Rh1 41. a4
a6 42. axb5 axb5 43. Rh2 Rg1+ 44. Rg2 Rb1 45. Bf4 Ne7 46. Be3 Re1 47. Kf3 Bxe3
48. Rxe3 Rxe3+ 49. Kxe3 Kxe5 50. Rf2 Nd5+ 51. Kd2 Kd4 52. Rf8 b4 53. Rg8 c3+
54. bxc3+ bxc3+ 55. Ke1 Ne3 56. Rd8+ Ke4 57. Re8+ Kf3 58. Rf8+ Kxg4 59. Rf3 d2+
60. Kf2 d1=Q 0-1

[Event "SR 1. liga zapad 2011/2012"]
[Site "?"]
[Date "2011.11.12"]
[Round "3.1"]
[White "Janos, Ivan"]
[Black "Garban, Mario"]
[Result "1-0"]
[WhiteElo "2142"]
[BlackElo "1994"]
[PlyCount "129"]
[EventDate "2011.??.??"]

1. e4 e5 2. Nf3 Nc6 3. Bc4 Bc5 4. c3 Nf6 5. d4 exd4 6. e5 d5 7. Bb5 Ne4 8. cxd4
Bb4+ 9. Bd2 Bxd2+ 10. Nbxd2 O-O 11. Rc1 Bd7 12. Bd3 Bf5 13. Nb3 Rb8 14. O-O Bg6
15. Re1 Re8 16. Nc5 Nxc5 17. Bxg6 hxg6 18. Rxc5 Qd7 19. Qc2 Nb4 20. Qb3 b6 21.
Rc3 a5 22. Rec1 Na6 23. Rd3 Qf5 24. Rdd1 Red8 25. Qb5 Ra8 26. a3 Qd7 27. Qb3
Rab8 28. Qd3 Ra8 29. Re1 Qf5 30. Qb3 a4 31. Qb5 g5 32. e6 f6 33. Qc6 Re8 34.
Rc3 Qf4 35. g3 Qg4 36. Kg2 Qf5 37. Nd2 g4 38. f4 Kf8 39. Qd7 Re7 40. Qxa4 Rxe6
41. Rce3 b5 42. Qxb5 Rae8 43. Rxe6 Rxe6 44. Rxe6 Qxe6 45. Kf2 g5 46. fxg5 fxg5
47. Qe2 Qf6+ 48. Ke3 Qe6+ 49. Kd3 Qg6+ 50. Kc3 Qc6+ 51. Kb3 Qb6+ 52. Kc2 c5 53.
Qf2+ Ke7 54. Qe3+ Kf8 55. Qxg5 cxd4 56. Qxd5 Qg6+ 57. Ne4 Ke8 58. Kd3 Nc7 59.
Qxd4 Ne6 60. Qe5 Kf7 61. b4 Qh6 62. Nd6+ Kf8 63. Nf5 Qg6 64. b5 Ng5 65. Qd6+
1-0